|
|
|
|
| LEADER |
02253nam a2200445 i 4500 |
| 001 |
EBC1782406 |
| 003 |
MiAaPQ |
| 005 |
20200520144314.0 |
| 006 |
m o d | |
| 007 |
cr cnu|||||||| |
| 008 |
140918t20142003enka ob 001 0 eng d |
| 020 |
|
|
|z 9780582299580
|
| 020 |
|
|
|a 9781315841274
|q (electronic bk.)
|
| 035 |
|
|
|a (MiAaPQ)EBC1782406
|
| 035 |
|
|
|a (Au-PeEL)EBL1782406
|
| 035 |
|
|
|a (CaPaEBR)ebr10929930
|
| 035 |
|
|
|a (CaONFJC)MIL644353
|
| 035 |
|
|
|a (OCoLC)890531356
|
| 040 |
|
|
|a MiAaPQ
|b eng
|e rda
|e pn
|c MiAaPQ
|d MiAaPQ
|
| 043 |
|
|
|a e-ur---
|
| 050 |
|
4 |
|a HC335
|b .H367 2014
|
| 082 |
0 |
|
|a 330.947084
|2 22
|
| 100 |
1 |
|
|a Hanson, Philip,
|d 1936-
|e author.
|
| 245 |
1 |
4 |
|a The rise and fall of the Soviet economy :
|b an economic history of the USSR from 1945 /
|c Philip Hanson.
|
| 264 |
|
1 |
|a Oxfordshire, England ;
|a New York, New York :
|b Routledge,
|c 2014.
|
| 264 |
|
4 |
|c 2003
|
| 300 |
|
|
|a 1 online resource (292 pages) :
|b illustrations, graphs
|
| 336 |
|
|
|a text
|2 rdacontent
|
| 337 |
|
|
|a computer
|2 rdamedia
|
| 338 |
|
|
|a online resource
|2 rdacarrier
|
| 504 |
|
|
|a Includes bibliographical references and index.
|
| 505 |
0 |
|
|a The starting point: the Stalinist economic system and the aftermath of war -- Khrushchev: hope rewarded, 1953-60 -- Khrushchev: things fall apart, 1960-64 -- A new start: Brezhnev, 1964-73 -- The "Era of Stagnation": 1973-82 -- Three funerals and a coronation: November 1982 to March 1985 -- Gorbachev and Catastroika -- The end-game, 1989-91 -- The Soviet economy in retrospect.
|
| 588 |
|
|
|a Description based on print version record.
|
| 590 |
|
|
|a Electronic reproduction. Ann Arbor, MI : ProQuest, 2015. Available via World Wide Web. Access may be limited to ProQuest affiliated libraries.
|
| 651 |
|
0 |
|a Soviet Union
|x Economic conditions.
|
| 651 |
|
0 |
|a Soviet Union
|x Economic policy.
|
| 655 |
|
4 |
|a Electronic books.
|
| 776 |
0 |
8 |
|i Print version:
|a Hanson, Philip, 1936-
|t Rise and fall of the Soviet economy : an economic history of the USSR from 1945.
|d Oxfordshire, England ; New York, New York : Routledge, 2014, c2003
|h xii, 279 pages
|z 9780582299580
|w 2005616587
|
| 797 |
2 |
|
|a ProQuest (Firm)
|
| 856 |
4 |
0 |
|u https://ebookcentral.proquest.com/lib/matrademy/detail.action?docID=1782406
|z Click to View
|